000 00297nam a22001337a 4500
008 181207b xxu||||| |||| 00| 0 eng d
020 _a9780789703491
041 _aeng
080 _a004
100 _a28
101 _aSHKI
245 _aUsing Microsoft Office
_cStewart, Ch. O
942 _2udc
_cBK
999 _c53024
_d53024